00621nam a22001097a 4500040000800000082002700008100004300035245036500078260002700443300002400470856001700494 cRUA aLMA MEA 2015 B529 Or.1 aMEAS REAKSA; មាស រក្សា aThe study on the benefits of land title certificate in mak prank commune, teok chhou district, kampot province; សិក្សាពិផលប្រយោជន៏នៃការប្រើប្រាស់ប័ណ្ណកម្មសិទ្ធិនៅឃុំម៉ាក់ប្រាង ស្រុកទឹកឈូ ខេត្តកំពត aPHNOM PENHbMEA c2015 ax;40p.bill.c29cm. u MEAS REAKSA